Bilecik Bilecik Bilecik Bilecik Bilecik

La pratique de l'espagnol/ (Record no. 59169)

MARC details
000 -BAŞLIK
Sabit Uzunluktaki Kontrol Alanı 00727nam a22002657a 4500
001 - KONTROL NUMARASI
Control Dosyası 0059364
003 - KONTROL NUMARASI KİMLİĞİ
Kontrol Alanı KOHA_MİRAKIL
005 - EN SON İŞLEM TARİHİ ve ZAMANI
Kontrol Alanı 20260207004226.0
007 - FİZİKSEL TANIM SABİT ALAN - GENEL BİLGİ
Sabit uzunluklu kontrol alanı ta
008 - SABİT UZUNLUKTAKİ VERİ ÖGELERİ - GENEL BİLGİ
Sabit Alan 160826b1957 tu |||gr||||#||||1|fre |
040 ## - KATALOGLAMA KAYNAĞI
Özgün Kataloglama Kurumu TR-BiSEU
Kataloglama Dili tur
Çeviri Kurumu TR-BiSEU
Açıklama Kuralları rda
041 0# - DİL KODU
Metin ya da ses kaydının dil kodu fre
044 ## - YAYINLAYAN/ÜRETEN KURULUŞUN ÜLKE KODU
ISO country code tu
050 ## - SINIFLAMA ve YER NUMARASI
Sınıflama Numarası PC2129
Yer Numarası .B68 1957
100 1# - KİŞİ ADI
Yazar Adı (Kişi adı) Bouzet, J..
245 13 - ESER ADI BİLDİRİMİ
Başlık La pratique de l'espagnol/
Sorumluluk Bildirimi J. Bouzet ; J. Pouzet, A. Cherel.
264 #1 - ÜRERİM, YAYIN, DAĞITIM ve TELİF BİLDİRİMİ
Yayın yeri Paris :
Yayınlayan Assimil
Yayın tarihi 1957
300 ## - FİZİKSEL TANIMLAMA
Sayfa, Cilt vb. 532 pages ;
Boyutları 16 cm
336 ## - İÇERİK TÜRÜ
Content type term metin
Content type code txt
Source rdacontent
337 ## - MEDYA TÜRÜ
Media type term aracısız
Media type code n
Source rdamedia
338 ## - TAŞIYICI TÜRÜ
Carrier type term cilt
Carrier type code nc
Source rdacarrier
650 #0 - KONU BAŞLIĞI EK GİRİŞ - KONU TERİMİ
Konusal terim veya coğrafi ad Fransızca--Dilbilgisi.
9 (RLIN) 109829
650 #0 - KONU BAŞLIĞI EK GİRİŞ - KONU TERİMİ
Konusal terim veya coğrafi ad Fransızca.
9 (RLIN) 3708
942 ## - EK GİRİŞ ÖGELERİ (KOHA)
Source of classification or shelving scheme Library of Congress Classification
Koha item type Book
Holdings
Materyal Türü Kalıcı Konum Mevcut Konum Raf Yeri Sınıflandırma Kaynağı Edinim Bilgisi Ana Konular Alt Konular Yer Numarası Demirbaş Numarası Fatura Tarihi Geri Çekilme Durumu Kayıp Durumu Hasarlı Durumu Kredi için değil Kayıt Tarih Toplam Ödünçverme Son Görülme Tarihi Son Kontrol Tarihi
Book Prof. Dr. Azmi Özcan Kütüphanesi Prof. Dr. Azmi Özcan Kütüphanesi Birûni Salonu Library of Congress Classification Bağış DİL VE EDEBİYAT Roman Dilleri PC2129 .B68 1957 0059364 02/02/2026         26/08/2016   05/12/2024 05/12/2024